[Event "Milan Palladino Memorial"]
[Site "Milan"]
[Date "2009.04.13"]
[Round "5"]
[White "Bove, Alessandro"]
[Black "Mina, N Mina"]
[Result "1-0"]
[WhiteElo "2297"]
[BlackElo "2177"]
[PlyCount "67"]
[EventDate "2009.04.10"]
[EventType "swiss"]
[EventRounds "6"]
[EventCountry "ITA"]
[SourceTitle "EXT 2011"]
[Source "ChessBase"]
[SourceDate "2010.11.26"]
[SourceVersion "1"]
[SourceVersionDate "2010.11.26"]
[SourceQuality "1"]

1. e4 c5 2. Nf3 d6 3. d4 cxd4 4. Nxd4 Nf6 5. Nc3 a6 6. Bg5 e6 7. f4 Be7 8. Qf3 Qc7 9. 0-0-0 Nbd7 10. g4 b5 11. Bxf6 Nxf6 12. g5 Nd7 13. f5 Nc5 14. f6 gxf6 15. gxf6 Bf8 16. Re1 Bd7 17. Rg1 0-0-0 18. Rg7 Bxg7 19. fxg7 Rhg8 20. Qxf7 b4 21. Nd5 exd5 22. exd5 b3 23. axb3 Qa5 24. Re7 Rge8 25. Nc6 Bxc6 26. dxc6 Nxb3+ 27. Qxb3 Qa1+ 28. Kd2 Qa5+ 29. c3 Qg5+ 30. Kd1 Qg4+ 31. Be2 Qg1+ 32. Kc2 Qg6+ 33. Bd3 Qg2+ 34. Kb1 1-0

[Event "Aegean op 27th"]
[Site "Aghios Kirykos"]
[Date "2004.07.14"]
[Round "2"]
[White "Petousis, Konstantinos"]
[Black "Mina, N Mina"]
[Result "0-1"]
[WhiteElo "1898"]
[BlackElo "2195"]
[PlyCount "62"]
[EventDate "2004.07.13"]
[EventType "swiss"]
[EventRounds "9"]
[EventCountry "GRE"]
[SourceTitle "CBM 101 Extra"]
[Source "ChessBase"]
[SourceDate "2004.09.01"]
[SourceVersion "2"]
[SourceVersionDate "2004.09.01"]
[SourceQuality "1"]

1. e4 e5 2. Nf3 Nc6 3. d4 exd4 4. Bc4 Bc5 5. c3 d3 6. 0-0 d6 7. b4 Bb6 8. a4 a5 9. Qb3 Qe7 10. b5 Ne5 11. Nxe5 dxe5 12. Ba3 Qf6 13. Nd2 Nh6 14. Bxd3 Ng4 15. Nf3 g5 16. Qd5 Rb8 17. Qb3 Nxf2 18. Nd4 Be6 19. Qc2 exd4 20. c4 c5 21. bxc6 Qe5 22. Qxf2 Bc7 23. g3 bxc6 24. Rab1 Kd7 25. c5 Rhd8 26. Bb2 Ke7 27. Ba3 h5 28. Qf3 h4 29. Kg2 hxg3 30. Qxg3 Rh8 31. Rxb8 Rxh2+ 0-1